000 00694nam a2200229Ia 4500
003 OSt
005 20240914101553.0
008 220927b |||||||| |||| 00| 0 eng d
020 _a004920078X
040 _aSDCL
_cSDCL
_beng
041 _2eng
_aeng
082 _aRxM72x M5
100 _aRussell, Bertrand
245 0 _aContemplation and action 1902-14.
260 _aLondon
_bGeorge Allen & Unwin
_c1985
300 _alv,612p.
_ccm.
490 _aThe collected papers of Bertrand Russell Volume - 13
700 _a Brink Andrew Ed.
_9428819
700 _a Rempel Richard A Ed.
_9428820
942 _hRxM72x M5
_cTEXL
_2CC
999 _c745325
_d745325